00259nam a2200109Ia 4500008004100000082001000041100001900051245002000070260001900090630002000109730002000129100328s9999 xx 000 0 und d b47499 aKellerman Faye aThe Rithal Bath bHeadline books aThe Rithal Bath aThe Rithal Bath